| 000 | 01043nam a2200301 a 4500 | ||
|---|---|---|---|
| 001 | 32676 | ||
| 003 | BD-RjUL | ||
| 005 | 20211209051858.0 | ||
| 008 | 181029s1977 ir 000 0 eng d | ||
| 020 | _a9649155767 | ||
| 035 | _a(BD-RjUL)32766 | ||
| 040 |
_aDLC _beng _cDLC _dBD-RjUL |
||
| 041 | 1 |
_aeng _hper |
|
| 082 | 0 | 4 |
_223 _a909.09821 _bLAW 1977 |
| 100 | 1 |
_aLari, Sayid Mujtaba Rukni Musawi _9224397 |
|
| 245 | 1 | 0 |
_aWestern civilisation through Muslim eyes / _cby Sayid Mujtaba Rukni Musawi Lari ; translated by F.J. Goulding |
| 260 |
_aQom, I. R. Iran : _bIslamic C. P. W., _c1977. |
||
| 300 |
_axii, 146 p. ; _c23 cm. |
||
| 500 | _aTranslation of "Sīmā-yi tamaddun-i Gharb" | ||
| 650 | 0 |
_aCivilization, Modern _y20th century. _916900 |
|
| 650 | 0 |
_aCivilization, Western. _999392 |
|
| 650 | 0 |
_aIslam _vApologetic works _998459 |
|
| 650 | 0 |
_aIslam _xEssence, genius, nature _950298 |
|
| 700 | 1 |
_aGoulding, F. J. _q(Francis John), tr. _9224430 |
|
| 942 |
_2ddc _cRAR |
||
| 999 |
_c32676 _d32676 |
||